Itinerarios : Calella de Mar : Pineda de Mar : municipio Calella de Mar :
Descripción Física:
[4] p. : il. col., fot. ; 21 cm
MARC
| LEADER | 00000nam a2200000Ia 4500 | ||
|---|---|---|---|
| 001 | 15568 | ||
| 008 | 160829s9999 xx 000 0 cat d | ||
| 080 | |a FU-39-21 | ||
| 245 | |a Itinerarios : |b Calella de Mar : |b Pineda de Mar : |b municipio | ||
| 260 | |a [Barcelona] : |b Diputació de Barcelona, Servei d'Esports i Turisme, [s.a.] | ||
| 300 | |a [4] p. : |b il. col., fot. ; |c 21 cm | ||
| 590 | |a A la portada: Ajuntament de Calella de Mar ; Ajuntament de Pineda de Mar. | ||
| 590 | |a A la portada Turisme Total. | ||
| 590 | |a Inclou mapa de la zona | ||
| 650 | |a Pineda de Mar |x Circuits turístics |9 36444 | ||
| 651 | 0 | |a Calella (Catalunya) |x Circuits turístics |9 54281 | |
| 710 | 1 | |a Calella (Catalunya). |b Ajuntament |9 52835 | |
| 710 | 1 | |a Pineda de Mar (Catalunya). |b Ajuntament |9 54279 | |
| 710 | 2 | |a Barcelona (Catalunya : Província). |b Servei d'Esports i Turisme |9 54307 | |
| 901 | |a Arxiu | ||
| 942 | |n 1 | ||
| 952 | |0 0 |1 0 |4 0 |6 FU3921 |7 1 |9 47322 |a Arxiu |b Arxiu |d 2016-12-01 |l 0 |o FU-39-21 |p 15568 |r 2016-12-01 00:00:00 |w 2016-12-01 |y ARXIU | ||
| 999 | |c 51119 |d 51119 | ||